Detalles MARC
| 000 -CABECERA |
| campo de control de longitud fija |
01427nab a2200313 a 4500 |
| 001 - NÚMERO DE CONTROL |
| campo de control |
a166538 |
| 003 - IDENTIFICADOR DEL NÚMERO DE CONTROL |
| campo de control |
INTEC |
| 005 - FECHA Y HORA DE LA ÚLTIMA TRANSACCIÓN |
| campo de control |
20260317092750.0 |
| 006 - CÓDIGOS DE INFORMACIÓN DE LONGITUD FIJA--CARACTERÍSTICAS DEL MATERIAL ADICIONAL |
| campo de control de longitud fija |
a|||||r|||| 00| 0 |
| 007 - CAMPO FIJO DE DESCRIPCIÓN FÍSICA--INFORMACIÓN GENERAL |
| campo de control de longitud fija |
ta |
| 008 - DATOS DE LONGITUD FIJA--INFORMACIÓN GENERAL |
| campo de control de longitud fija |
171124e2017 dr |||p|rp|||||0| 0 spa d |
| 022 ## - NÚMERO INTERNACIONAL NORMALIZADO PARA PUBLICACIONES SERIADAS |
| Número Internacional Normalizado para Publicaciones Seriadas |
1991-5292 |
| 040 ## - FUENTE DE LA CATALOGACIÓN |
| Centro catalogador/agencia de origen |
DO-SdINT |
| Centro/agencia transcriptor |
DO-SdINT |
| Centro/agencia modificador |
DO-SdBNP |
| Normas de descripción |
rda |
| 041 ## - CÓDIGO DE LENGUA |
| Código de lengua del texto/banda sonora o título independiente |
spa |
| 044 ## - CÓDIGO DEL PAÍS DE LA ENTIDAD EDITORA/PRODUCTORA |
| Código MARC del país |
dr |
| 245 ## - MENCIÓN DE TÍTULO |
| Título |
La legítima defensa en el proyecto del Código Penal / |
| Mención de responsabilidad, etc. |
Domingo Alcides Duverges Caraballo. |
| 264 ## - PRODUCCIÓN, PUBLICACIÓN, DISTRIBUCIÓN, FABRICACIÓN Y COPYRIGHT |
| Producción, publicación, distribución, fabricación y copyright |
Santo Domingo : |
| Fecha de producción, publicación, distribución, fabricación o copyright |
ene.-jun. 2017. |
| 300 ## - DESCRIPCIÓN FÍSICA |
| Extensión |
páginas. 102-5. |
| 310 ## - PERIODICIDAD ACTUAL |
| Periodicidad actual |
Semestral. |
| 336 ## - TIPO DE CONTENIDO |
| Término de tipo de contenido |
texto |
| Código de tipo de contenido |
txt |
| Fuente |
rdacontent |
| 337 ## - TIPO DE MEDIO |
| Nombre/término del tipo de medio |
sin mediación |
| Código del tipo de medio |
n |
| Fuente |
rdamedia |
| 338 ## - TIPO DE SOPORTE |
| Nombre/término del tipo de soporte |
volumen |
| Código del tipo de soporte |
nc |
| Fuente |
rdacarrier |
| 362 ## - FECHAS DE PUBLICACIÓN Y/O DESIGNACIÓN SECUENCIAL |
| Fecha de publicación y/o designación secuencial |
Año 7, Número. 13, enero-junio 2017. |
| 520 ## - SUMARIO, ETC. |
| Sumario, etc. |
Al encontrarnos inmersos en una reforma sustancial de nuestro Código penal, he querido resaltar que en la actual redacción del artículo que versa sobre las causas de presunción de legítima defensa, es necesario que sea incluida la figura jurídica del síndrome de la mujer maltratada como una causa de justificación de su actuación cuando le provoca la muerte a su agresor. |
| 650 #0 - PUNTO DE ACCESO ADICIONAL DE MATERIA--TÉRMINO DE MATERIA |
| Término de materia o nombre geográfico como elemento de entrada |
Código penal |
| 9 (RLIN) |
87542 |
| Subdivisión de forma |
Publicaciones periódicas |
| Subdivisión geográfica |
República Dominicana |
| 650 #0 - PUNTO DE ACCESO ADICIONAL DE MATERIA--TÉRMINO DE MATERIA |
| Término de materia o nombre geográfico como elemento de entrada |
Defensa (Procedimiento penal) |
| Subdivisión de forma |
Publicaciones periódicas |
| Subdivisión geográfica |
República Dominicana |
| 9 (RLIN) |
17063 |
| 773 0# - ENLACE AL DOCUMENTO FUENTE/ENTRADA DE REGISTRO ANFITRIÓN |
| Parte(s) relacionada(s) |
7 (13) ; ene.-jun. 2017, p. 102-5 |
| Título |
Justicia & razón |
| Número de control del registro |
u2030 |
| 942 ## - ELEMENTOS DE PUNTO DE ACCESO ADICIONAL (KOHA) |
| Fuente del sistema de clasificación o colocación |
Dewey Decimal Classification |
| Tipo de ítem Koha |
Publicación periódica |